[Event "26. Herner Stadtmeisterschaft 2025"]
[Site "?"]
[Date "2025.02.10"]
[Round "3.4"]
[White "Radi, Günter"]
[Black "Waldschmidt, Georg"]
[Result "1/2-1/2"]
[WhiteElo "1902"]
[BlackElo "2125"]
[PlyCount "66"]
[GameId "2144200500269340"]
[EventDate "2025.??.??"]
[WhiteTeam "SV Günnigfeld 1922 e."]
[BlackTeam "SK Sodingen/Castrop 24/23 e. V."]

1. e4 e5 2. Nf3 Nc6 3. Bb5 a6 4. Ba4 Nf6 5. O-O Nxe4 6. d4 b5 7. Bb3 d5 8. dxe5 Be6 9. a4 b4 10. a5 Nc5 11. Bg5 Qd7 12. Nbd2 h6 13. Bh4 Be7 14. Bxe7 Qxe7 15. Qe2 O-O 16. Ba2 Rfd8 17. Nb3 Ne4 18. Nfd4 Nxd4 19. Nxd4 Qc5 20. Rfd1 Re8 21. f3 Ng5 22. Kh1 Bd7 23. Qd3 Ne6 24. Nxe6 Bxe6 25. Bb3 c6 26. f4 g6 27. h3 Bf5 28. Qd4 Qe7 29. Ba4 Rec8 30. c3 bxc3 31. Qxc3 Be4 32. Bc2 Bxc2 33. Qxc2 Rab8 1/2-1/2

[Event "26. Herner Stadtmeisterschaft 2025"]
[Site "?"]
[Date "2025.02.10"]
[Round "3.5"]
[White "Winterberg, Andreas"]
[Black "Klein, Andreas"]
[Result "1-0"]
[WhiteElo "2049"]
[BlackElo "1826"]
[PlyCount "81"]
[GameId "2144215746204132"]
[EventDate "2025.??.??"]
[WhiteTeam "SV Waltrop 1922 e. V."]
[BlackTeam "SC Buer-Hassel 1919 e. V."]

1. e4 c5 2. Nf3 e6 3. d4 cxd4 4. Nxd4 Nf6 5. Nc3 Nc6 6. Be2 Bb4 7. Nxc6 bxc6 8. Qd3 a5 9. Qg3 Bxc3+ 10. bxc3 Nxe4 11. Qxg7 Qf6 12. Qxf6 Nxf6 13. c4 Rg8 14. O-O Ba6 15. Rb1 d5 16. Rd1 Ne4 17. Bb2 a4 18. Bd3 f5 19. cxd5 cxd5 20. Bd4 Kf7 21. f3 Nd6 22. Rb4 Rgc8 23. Rdb1 Bc4 24. Be5 Bxd3 25. cxd3 Rc6 26. a3 Kg6 27. Rb6 Ra6 28. Rb8 Nf7 29. Rg8+ Kh5 30. g4+ fxg4 31. fxg4+ Kh4 32. Bg3+ Kh3 33. Rg7 Ra7 34. Rf1 Rc2 35. Rxh7+ Kxg4 36. Rf4+ Kg5 37. Rg7+ Kh6 38. Rfxf7 Ra6 39. Rg4 Rb6 40. Bf4+ Kh5 41. Rg5+ 1-0

[Event "26. Herner Stadtmeisterschaft 2025"]
[Site "?"]
[Date "2025.02.10"]
[Round "3.6"]
[White "Markert, Dirk"]
[Black "Mainusch, Martin"]
[Result "1/2-1/2"]
[WhiteElo "1925"]
[BlackElo "2094"]
[PlyCount "133"]
[GameId "2144224434471467"]
[EventDate "2025.??.??"]
[WhiteTeam "SV Kamen 1930"]
[BlackTeam "SV Mülheim-Nord 1931 e"]

1. e4 e6 2. d4 d5 3. Nd2 c5 4. Ngf3 cxd4 5. Nxd4 Nf6 6. exd5 Nxd5 7. N2f3 Bb4+ 8. Bd2 O-O 9. c3 Bd6 10. Bd3 Nf4 11. Bf1 Nd5 12. Bd3 Nf4 13. Bf1 a6 14. Qc2 Qc7 15. g3 Nd5 16. Bg2 Nd7 17. O-O N5f6 18. Rad1 b6 19. Nxe6 fxe6 20. Ng5 Bb7 21. Nxe6 Qb8 22. Nxf8 Bxf8 23. Bf4 Qc8 24. Bh3 Qc6 25. f3 Nc5 26. b4 Na4 27. Be5 b5 28. Qb3+ Kh8 29. Qf7 Nxc3 30. Bxc3 Qxc3 31. Qxb7 Re8 32. Qf7 Bxb4 33. Qb3 Qc5+ 34. Kh1 Qe7 35. Qd3 h6 36. Bf5 Rf8 37. Rf2 Qc5 38. Rc2 Qe5 39. Rc8 Rxc8 40. Bxc8 a5 41. Bf5 Bf8 42. Bg6 a4 43. Rb1 b4 44. Kg2 Qe6 45. Rb2 Qe5 46. Re2 Qc5 47. Rc2 Qd5 48. Qxd5 Nxd5 49. Rc8 Kg8 50. Ra8 Nb6 51. Rb8 Nd5 52. h4 Nc3 53. Ra8 a3 54. Ra7 Nb5 55. Bf7+ Kh7 56. Ra8 Be7 57. h5 g5 58. hxg6+ Kg7 59. f4 Nd6 60. Rg8+ Kf6 61. Bb3 Nf5 62. Kh3 h5 63. g4 hxg4+ 64. Kxg4 Nh6+ 65. Kh5 Nxg8 66. Bxg8 Kg7 67. Bb3 1/2-1/2

[Event "26. Herner Stadtmeisterschaft 2025"]
[Site "?"]
[Date "2025.02.10"]
[Round "3.7"]
[White "Kleinert, Andreas"]
[Black "Quast, Marcel"]
[Result "0-1"]
[WhiteElo "1844"]
[BlackElo "2137"]
[PlyCount "92"]
[GameId "2144221770859027"]
[EventDate "2025.??.??"]
[WhiteTeam "SC Buer-Hassel 1919 e. V."]
[BlackTeam "SC Gerthe 46 - Werne"]

1. c4 f5 2. g3 Nf6 3. Bg2 g6 4. Nc3 Bg7 5. e3 O-O 6. Nge2 e5 7. d3 a5 8. O-O c6 9. f4 d6 10. h3 Na6 11. b3 Qe7 12. Re1 Rd8 13. Ba3 Nb4 14. Qd2 e4 15. d4 Nd3 16. Red1 Bd7 17. Nc1 Nb4 18. N1e2 b5 19. cxb5 cxb5 20. Bxb4 axb4 21. Nb1 Nd5 22. a3 Ra7 23. Kf2 Rda8 24. Qb2 Qd8 25. Rc1 Qb6 26. Bf1 h6 27. Qd2 Kh7 28. Rc2 g5 29. Rca2 gxf4 30. gxf4 Qd8 31. Ng3 Qh4 32. Kg2 Bf6 33. Qf2 Rg8 34. axb4 Rc7 35. Kh2 Bd8 36. Nd2 Rc3 37. Re1 Rg7 38. Raa1 Rc2 39. Red1 Rc3 40. Re1 Bf6 41. Ra2 Nxb4 42. Rb2 Nc2 43. Ndxe4 fxe4 44. Nxe4 Qxf2+ 45. Nxf2 Nxe1 46. Ng4 Bxg4 0-1

[Event "26. Herner Stadtmeisterschaft 2025"]
[Site "?"]
[Date "2025.02.10"]
[Round "3.8"]
[White "Hahn, Matthias"]
[Black "Slaby, Dietmar"]
[Result "1-0"]
[WhiteElo "2105"]
[BlackElo "1794"]
[PlyCount "59"]
[GameId "2144201055863081"]
[EventDate "2025.??.??"]
[WhiteTeam "SV Bochum-Linden-Dahlh"]
[BlackTeam "SV Königsspringer Halt"]

1. d4 Nf6 2. Nf3 g6 3. Nbd2 Bg7 4. e4 d6 5. Bd3 O-O 6. O-O Re8 7. c3 c6 8. a4 Qc7 9. Re1 e5 10. dxe5 dxe5 11. Nc4 Nh5 12. Bf1 Rd8 13. Qc2 Bg4 14. Ng5 h6 15. h3 Bc8 16. Nf3 Be6 17. a5 Nd7 18. Be3 Kh7 19. b4 Bf8 20. Red1 Be7 21. Rd2 f6 22. Rad1 c5 23. b5 b6 24. a6 Nf8 25. Qc1 g5 26. Rxd8 Rxd8 27. Rxd8 Qxd8 28. Qd2 Qxd2 29. Nfxd2 Ng6 30. Nxb6 1-0

[Event "26. Herner Stadtmeisterschaft 2025"]
[Site "?"]
[Date "2025.02.10"]
[Round "3.9"]
[White "Kandyba, Andriy"]
[Black "Bautz, Volker"]
[Result "1-0"]
[WhiteElo "2024"]
[BlackElo "1833"]
[PlyCount "75"]
[GameId "2144202883182911"]
[EventDate "2025.??.??"]
[WhiteTeam "SV Bochum-Linden-Dahlh"]
[BlackTeam "Bochumer SV 02"]

1. d4 b6 2. g3 Bb7 3. Nf3 f5 4. Bg2 Nf6 5. O-O e6 6. c4 Be7 7. d5 exd5 8. Nd4 O-O 9. Nxf5 Nc6 10. cxd5 Na5 11. Nc3 Bb4 12. e4 Bxc3 13. bxc3 Ba6 14. Re1 d6 15. Nd4 Rf7 16. g4 Bc8 17. h3 Bd7 18. g5 Ne8 19. f4 g6 20. h4 Ng7 21. Bf3 Qf8 22. Qe2 Re8 23. Qg2 Nc4 24. Bg4 Bxg4 25. Qxg4 Rfe7 26. e5 dxe5 27. Nc6 e4 28. Qe2 b5 29. a4 Rd7 30. axb5 Qc5+ 31. Be3 Nxe3 32. Qxe3 Qxd5 33. Ne5 Nf5 34. c4 Rxe5 35. cxd5 Nxe3 36. fxe5 Nc2 37. e6 Rxd5 38. Rxe4 1-0

[Event "26. Herner Stadtmeisterschaft 2025"]
[Site "?"]
[Date "2025.02.10"]
[Round "3.10"]
[White "Dimitriadis, Elias"]
[Black "Peter, Thomas"]
[Result "0-1"]
[WhiteElo "1736"]
[BlackElo "2104"]
[PlyCount "84"]
[GameId "2144220594557448"]
[EventDate "2025.??.??"]
[WhiteTeam "SV Waltrop 1922 e. V."]
[BlackTeam "SV Wattenscheid 1930 e"]

1. e4 e6 2. d4 d5 3. exd5 exd5 4. Nf3 Bd6 5. Bd3 Ne7 6. O-O O-O 7. Re1 Nbc6 8. c3 Bf5 9. Bg5 Bxd3 10. Qxd3 Qd7 11. Bxe7 Bxe7 12. Nbd2 Rfe8 13. Ne5 Nxe5 14. dxe5 c5 15. Re2 Rad8 16. Rae1 Bf8 17. Nf3 Qg4 18. h3 Qg6 19. Qd2 Be7 20. Qf4 Qe6 21. Qd2 h6 22. b3 Rd7 23. Qd3 Bd8 24. b4 c4 25. Qd2 Bb6 26. Nd4 Bxd4 27. Qxd4 b6 28. f4 g5 29. Rf1 f5 30. g4 gxf4 31. Rxf4 Rg7 32. Kh1 fxg4 33. Rf6 Qd7 34. Rd6 Qf5 35. Qxd5+ Kh7 36. hxg4 Rxg4 37. Qb7+ Kg8 38. Qd5+ Kh8 39. Rxh6+ Kg7 40. Qb7+ Kxh6 41. Rh2+ Kg5 42. Qg7+ Qg6 0-1

[Event "26. Herner Stadtmeisterschaft 2025"]
[Site "?"]
[Date "2025.02.10"]
[Round "3.11"]
[White "Zygan, Michael"]
[Black "Kantor, Nikita"]
[Result "0-1"]
[WhiteElo "1913"]
[BlackElo "1934"]
[PlyCount "68"]
[GameId "2144201625706804"]
[EventDate "2025.??.??"]
[WhiteTeam "SK Sodingen/Castrop 24/23 e.V."]
[BlackTeam "SpVigung Sterkrade-Nord"]

1. d4 Nf6 2. c4 Nc6 3. Nf3 e6 4. Nc3 Bb4 5. Bg5 h6 6. Bh4 g5 7. Bg3 d6 8. e3 Qe7 9. Qc2 e5 10. d5 Bxc3+ 11. bxc3 Nb8 12. c5 Nxd5 13. cxd6 cxd6 14. Rd1 Be6 15. c4 Nb4 16. Qd2 N4c6 17. a3 Na6 18. Qxd6 f6 19. Be2 Rd8 20. Qxe7+ Kxe7 21. O-O Nc5 22. h3 Na5 23. Rc1 Rd7 24. Rc3 Rhd8 25. Rfc1 Bf5 26. Ra1 Na4 27. Rcc1 Nb3 28. Bd1 Nxc1 29. Bxa4 Ne2+ 30. Kf1 Nxg3+ 31. fxg3 Rc7 32. Bb3 Bd3+ 33. Ke1 Bxc4 34. Rc1 Rdc8 0-1

[Event "26. Herner Stadtmeisterschaft 2025"]
[Site "?"]
[Date "2025.02.10"]
[Round "3.12"]
[White "Funke, Eckhard"]
[Black "Gausmann, Thomas"]
[Result "1/2-1/2"]
[WhiteElo "1920"]
[BlackElo "1821"]
[PlyCount "80"]
[GameId "2144213376676302"]
[EventDate "2025.??.??"]
[WhiteTeam "SV Günnigfeld 1922 e."]
[BlackTeam "SG Bochum 1931"]

1. d4 d5 2. c4 e6 3. Nc3 Nf6 4. Bg5 Be7 5. e3 O-O 6. Nf3 h6 7. Bf4 a6 8. cxd5 exd5 9. h3 Bf5 10. Bd3 Bxd3 11. Qxd3 Bd6 12. Bxd6 Qxd6 13. O-O Nbd7 14. Nd2 Rfe8 15. b4 b5 16. Rfb1 Qe7 17. a4 c6 18. axb5 axb5 19. Rxa8 Rxa8 20. e4 dxe4 21. Ndxe4 Nxe4 22. Nxe4 Nb6 23. Nc5 Ra2 24. Qf3 Nd5 25. Nd3 Nc3 26. Re1 Re2 27. Rxe2 Nxe2+ 28. Kh1 Qe6 29. Qe3 Qa2 30. Nc1 Qa1 31. Qe8+ Kh7 32. Qe4+ g6 33. Qxe2 Qxc1+ 34. Kh2 Qf4+ 35. g3 Qxd4 36. Qf3 Qd5 37. Qe3 Qc4 38. Qe7 Qd5 39. Kg1 Kg7 40. h4 Qe6 1/2-1/2

[Event "26. Herner Stadtmeisterschaft 2025"]
[Site "?"]
[Date "2025.02.10"]
[Round "3.13"]
[White "Graw, Christopher"]
[Black "Engelmann, Chris"]
[Result "1-0"]
[WhiteElo "2227"]
[BlackElo "1840"]
[PlyCount "63"]
[GameId "2144209470505411"]
[EventDate "2025.??.??"]
[WhiteTeam "SK Sodingen/Castrop 24/23 e. V."]
[BlackTeam "SV Unser Fritz Wanne-E"]

1. e4 e5 2. f4 exf4 3. Nf3 Be7 4. Bc4 Bh4+ 5. g3 fxg3 6. O-O Qe7 7. d4 d6 8. hxg3 Bxg3 9. Ng5 Nf6 10. Qd3 Bh4 11. Bxf7+ Kd8 12. Bb3 Bxg5 13. Bxg5 h6 14. Bxf6 gxf6 15. Rf2 Be6 16. Nc3 Rg8+ 17. Kh1 Bxb3 18. axb3 c6 19. Rg1 Rxg1+ 20. Kxg1 Nd7 21. Qh3 Kc7 22. Qxh6 Qe6 23. Rg2 Rg8 24. Qf4 Rxg2+ 25. Kxg2 Qg8+ 26. Kf2 Qh7 27. Ne2 Qh1 28. c4 Qb1 29. c5 Qxb2 30. cxd6+ Kd8 31. Qg3 Nb6 32. Qg7 1-0

[Event "26. Herner Stadtmeisterschaft 2025"]
[Site "?"]
[Date "2025.02.10"]
[Round "3.14"]
[White "Wiechen, Ulrich"]
[Black "Kowalczyk, Frank"]
[Result "1-0"]
[WhiteElo "2156"]
[BlackElo "1666"]
[PlyCount "93"]
[GameId "2144214519779801"]
[EventDate "2025.??.??"]
[WhiteTeam "SC Buer-Hassel 1919 e. V."]
[BlackTeam "SK Sodingen/Castrop 24/23 e. V."]

1. e4 d6 2. d4 Nf6 3. Nc3 e5 4. Nf3 exd4 5. Nxd4 Be7 6. Be2 O-O 7. Be3 a6 8. a4 Re8 9. O-O Nbd7 10. Nf5 Bf8 11. f3 Ne5 12. g4 Bxf5 13. gxf5 c6 14. f4 Ned7 15. Bf3 g6 16. fxg6 hxg6 17. Kh1 Nxe4 18. Bxe4 d5 19. Bxg6 fxg6 20. Qd3 Qf6 21. Rg1 Kf7 22. Bd4 Qf5 23. Qxf5+ gxf5 24. Rg5 c5 25. Bf2 d4 26. Nd5 Rac8 27. Rxf5+ Ke6 28. Rh5 Nf6 29. Re1+ Kf7 30. Nxf6 Rxe1+ 31. Bxe1 Kxf6 32. Bh4+ Kf7 33. Rf5+ Ke6 34. Rg5 c4 35. Re5+ Kd6 36. Be1 d3 37. cxd3 cxd3 38. Re3 Rc1 39. Rxd3+ Ke6 40. Re3+ Kf5 41. Kg2 Rc2+ 42. Kf3 Rxh2 43. Re5+ Kg6 44. Bc3 Rh1 45. Re6+ Kf7 46. Rb6 Rf1+ 47. Ke4 1-0

[Event "26. Herner Stadtmeisterschaft 2025"]
[Site "?"]
[Date "2025.02.10"]
[Round "3.16"]
[White "Mayeres, Hans-Christian"]
[Black "Boxberg, Olaf"]
[Result "0-1"]
[WhiteElo "1837"]
[BlackElo "1834"]
[PlyCount "106"]
[GameId "2144217407541743"]
[EventDate "2025.??.??"]
[WhiteTeam "SC Recklinghausen Altsta"]
[BlackTeam "SV Datteln 1924"]

1. c4 b6 2. Nc3 Bb7 3. e4 e6 4. g3 Bb4 5. Nge2 f5 6. Bg2 Nf6 7. O-O fxe4 8. d3 O-O 9. dxe4 e5 10. Nd5 Bxd5 11. exd5 d6 12. a3 Bc5 13. b4 Bd4 14. Nxd4 exd4 15. Qxd4 Nbd7 16. Bb2 Re8 17. Rae1 a5 18. Re6 axb4 19. axb4 Nf8 20. Rxe8 Qxe8 21. Bc3 Ra2 22. Bf3 Ng6 23. Re1 Ne5 24. Qf4 Nxf3+ 25. Qxf3 Qh5 26. Qxh5 Nxh5 27. Re7 Rc2 28. Re3 Kf7 29. c5 bxc5 30. bxc5 dxc5 31. Ba5 Rc1+ 32. Kg2 Rd1 33. Bxc7 Rxd5 34. Rc3 Nf6 35. Bb6 Nd7 36. Ba7 Ke6 37. Kf3 h5 38. h3 Kd6 39. Ke3 Kc6 40. f4 Rd1 41. Ra3 Rg1 42. Kf2 Rb1 43. Ra6+ Kb7 44. Rd6 Kc7 45. Ra6 Nb6 46. Bxb6+ Rxb6 47. Rxb6 Kxb6 48. Ke2 Kc6 49. g4 hxg4 50. hxg4 Kd5 51. f5 Ke4 52. Kd2 Kf4 53. Kc3 Kxg4 0-1

[Event "26. Herner Stadtmeisterschaft 2025"]
[Site "?"]
[Date "2025.02.10"]
[Round "3.17"]
[White "Schmidt, Ralph"]
[Black "Schäufele, Jörg"]
[Result "1/2-1/2"]
[WhiteElo "1932"]
[BlackElo "1824"]
[PlyCount "100"]
[GameId "2144228222874177"]
[EventDate "2025.??.??"]
[WhiteTeam "SV Bochum-Linden-Dahlh"]
[BlackTeam "SC Roter Turm Altstadt"]

1. e4 e5 2. Nf3 Nf6 3. d3 Nc6 4. c3 d5 5. Qc2 Bc5 6. b4 Bd6 7. Bg5 dxe4 8. dxe4 Bg4 9. Nbd2 h6 10. Bh4 O-O 11. Be2 Qe7 12. h3 Bd7 13. Nc4 a6 14. Rd1 Be6 15. Nxd6 cxd6 16. Bxf6 gxf6 17. Qd2 Kg7 18. Nh4 Rfd8 19. Bg4 d5 20. Qe2 f5 21. Nxf5+ Bxf5 22. Bxf5 dxe4 23. O-O Qg5 24. Bxe4 Rac8 25. Bxc6 Rxd1 26. Rxd1 Rxc6 27. Rd3 Qc1+ 28. Kh2 Qf4+ 29. g3 Qf6 30. Re3 Re6 31. Qg4+ Kh7 32. Rf3 Qg6 33. Qxg6+ Kxg6 34. g4 Rc6 35. h4 e4 36. Re3 f5 37. Kg3 Rd6 38. gxf5+ Kxf5 39. f3 Rg6+ 40. Kf2 exf3 41. Rxf3+ Ke4 42. Rf7 b5 43. Rd7 Rc6 44. Rd4+ Ke5 45. Rd3 Rc4 46. Kg3 Rc6 47. Kg4 Ke4 48. Rh3 Rd6 49. Kh5 Rc6 50. Rg3 Kf4 1/2-1/2

[Event "26. Herner Stadtmeisterschaft 2025"]
[Site "?"]
[Date "2025.02.10"]
[Round "3.18"]
[White "Krolik, Wilfried"]
[Black "Boost, Jürgen"]
[Result "0-1"]
[WhiteElo "1702"]
[BlackElo "1969"]
[PlyCount "68"]
[GameId "2144192518115504"]
[EventDate "2025.??.??"]
[WhiteTeam "SV Waltrop 1922 e. V."]
[BlackTeam "SC Gerthe 46 - Werne"]

1. e4 e5 2. Nf3 Nf6 3. Nc3 Nc6 4. d4 exd4 5. Nxd4 Bb4 6. Bg5 h6 7. Bxf6 Qxf6 8. Ndb5 Ba5 9. Qf3 Qxf3 10. gxf3 a6 11. Na3 Bxc3+ 12. bxc3 d6 13. h4 Na5 14. Nc4 Nxc4 15. Bxc4 Be6 16. Bb3 O-O 17. Ke2 Bxb3 18. cxb3 f5 19. Rhg1 Rae8 20. Kd3 fxe4+ 21. fxe4 Rxf2 22. Rg3 Rf4 23. Rag1 Re7 24. Rg4 Rxg4 25. Rxg4 Re5 26. a4 Rh5 27. Ke3 g5 28. Kf3 Rxh4 29. Rxh4 gxh4 30. Kg4 Kg7 31. Kxh4 Kf6 32. Kh5 Ke5 33. Kxh6 Kxe4 34. Kg6 Kd3 0-1

[Event "26. Herner Stadtmeisterschaft 2025"]
[Site "?"]
[Date "2025.02.10"]
[Round "3.19"]
[White "Dlouhy, Peter"]
[Black "Koch, Burkhard"]
[Result "1/2-1/2"]
[WhiteElo "1754"]
[BlackElo "1787"]
[PlyCount "86"]
[GameId "2144230951567951"]
[EventDate "2025.??.??"]
[WhiteTeam "SV Unser Fritz Wanne-E"]
[BlackTeam "SG Wanne"]

1. d4 Nf6 2. Bf4 e6 3. e3 d5 4. Nd2 c5 5. c3 Nc6 6. Ngf3 Bd6 7. Ne5 Qc7 8. Ndf3 Nd7 9. Nxd7 Bxd7 10. Bxd6 Qxd6 11. Bd3 e5 12. dxe5 Nxe5 13. Nxe5 Qxe5 14. O-O O-O 15. Qc2 h6 16. e4 c4 17. Be2 Rfe8 18. Rad1 Bc6 19. Rd4 dxe4 20. Bxc4 b5 21. Bb3 a5 22. Qd2 Rab8 23. Bd5 Bxd5 24. Rxd5 Qe6 25. Rd1 e3 26. Qxe3 Qxe3 27. fxe3 Rxe3 28. Rd8+ Re8 29. Rxe8+ Rxe8 30. Kf2 Rb8 31. Rd7 g5 32. g4 Rb6 33. Rd5 Kg7 34. Kf3 Kg6 35. Ke3 h5 36. h4 f6 37. Kf3 hxg4+ 38. Kxg4 gxh4 39. Kxh4 f5 40. Kg3 Kg5 41. Kf3 b4 42. Rxa5 bxc3 43. bxc3 Rc6 1/2-1/2

[Event "26. Herner Stadtmeisterschaft 2025"]
[Site "?"]
[Date "2025.02.10"]
[Round "3.20"]
[White "Müller-Kreth, Kai"]
[Black "Sikorski, Thomas"]
[Result "0-1"]
[WhiteElo "1746"]
[BlackElo "1811"]
[PlyCount "40"]
[GameId "2144190004482174"]
[EventDate "2025.??.??"]
[WhiteTeam "SK Sodingen/Castrop 24/23 e. V."]
[BlackTeam "SF Essen-Katernberg 0"]

1. c4 c6 2. Nc3 d6 3. g3 e5 4. Bg2 Nf6 5. Nf3 Nbd7 6. d3 Be7 7. O-O O-O 8. a3 Re8 9. b4 Nf8 10. Bb2 Ng6 11. Qc2 Qc7 12. Rac1 Bd7 13. e3 Qc8 14. Rfe1 h6 15. Nd2 Bh3 16. Bh1 Nh7 17. f4 exf4 18. gxf4 Nxf4 19. exf4 Qg4+ 20. Kf2 Bh4# 0-1

[Event "26. Herner Stadtmeisterschaft 2025"]
[Site "?"]
[Date "2025.02.10"]
[Round "3.21"]
[White "Bunzel, Robert"]
[Black "Schatte, Michael"]
[Result "0-1"]
[WhiteElo "1555"]
[BlackElo "1743"]
[PlyCount "70"]
[GameId "2144197487931641"]
[EventDate "2025.??.??"]
[WhiteTeam "SV Wattenscheid 1930 e"]
[BlackTeam "SK Sodingen/Castrop 24/23 e. V."]

1. b3 g6 2. Bb2 f6 3. d4 Bg7 4. e3 Nh6 5. Be2 Nf7 6. Nf3 d5 7. O-O O-O 8. Nbd2 Bg4 9. c4 c6 10. h3 Bd7 11. c5 e5 12. e4 Re8 13. a4 Be6 14. exd5 cxd5 15. Nh2 Nc6 16. Bb5 a6 17. Bxc6 bxc6 18. f3 a5 19. Ng4 Qc7 20. Qe1 Bxg4 21. fxg4 exd4 22. Qf2 d3 23. Rae1 Ne5 24. Qf4 g5 25. Bxe5 Rxe5 26. Qg3 Qe7 27. Rxe5 fxe5 28. Rf5 e4 29. Qd6 Qxd6 30. cxd6 e3 31. Nf3 d2 32. Nxd2 exd2 33. Rf1 Bd4+ 34. Kh1 Rd8 35. Rd1 Be3 0-1

[Event "26. Herner Stadtmeisterschaft 2025"]
[Site "?"]
[Date "2025.02.10"]
[Round "3.23"]
[White "Rath, Michael"]
[Black "Ponto, Michael"]
[Result "1/2-1/2"]
[WhiteElo "1899"]
[BlackElo "1833"]
[PlyCount "82"]
[GameId "2144206263873877"]
[EventDate "2025.??.??"]
[WhiteTeam "SV Königsspringer Halt"]
[BlackTeam "SV Horst-Emscher 1931"]

1. d4 d5 2. Nf3 Nf6 3. Bf4 c6 4. e3 Bf5 5. c4 e6 6. Nc3 Bd6 7. Bg3 Ne4 8. Qb3 b6 9. Be2 O-O 10. O-O Nxg3 11. hxg3 Nd7 12. Rac1 h6 13. cxd5 exd5 14. Nxd5 cxd5 15. Qxd5 Qf6 16. Rc6 Qe6 17. Rxd6 Qxd5 18. Rxd5 Be6 19. Rd6 Nf6 20. b3 Rac8 21. Bd3 Rc3 22. Ne5 Rfc8 23. Ba6 R8c7 24. Bd3 Kf8 25. Rd8+ Ke7 26. Rb8 Nd7 27. Nxd7 Rxd3 28. Ne5 Rd2 29. Ra1 Rcc2 30. Rb7+ Kf6 31. Rxa7 Rxf2 32. Rf1 Rxf1+ 33. Kxf1 Bd5 34. Nd7+ Kg5 35. Nxb6 Bxg2+ 36. Ke1 Kg4 37. a4 Bf3 38. Nc4 Kxg3 39. Rxf7 Re2+ 40. Kf1 Rf2+ 41. Ke1 Re2+ 1/2-1/2

[Event "26. Herner Stadtmeisterschaft 2025"]
[Site "?"]
[Date "2025.02.10"]
[Round "3.25"]
[White "Evers, Klaus"]
[Black "von Blumenthal, Nikolaus"]
[Result "1-0"]
[WhiteElo "1790"]
[BlackElo "1484"]
[PlyCount "95"]
[GameId "2144222736540190"]
[EventDate "2025.??.??"]
[WhiteTeam "SV Günnigfeld 1922 e."]
[BlackTeam "SV Zeppelin Herne e. V."]

1. d4 d5 2. c4 c6 3. cxd5 Qxd5 4. Nc3 Qd8 5. e4 Nf6 6. Nf3 Bg4 7. Be2 e6 8. Qb3 Qb6 9. Qxb6 axb6 10. O-O Be7 11. h3 Bh5 12. Bf4 h6 13. Rfd1 O-O 14. d5 exd5 15. exd5 Bb4 16. dxc6 bxc6 17. Bd6 Bxd6 18. Rxd6 Ra7 19. g4 Bg6 20. Ne5 Ne4 21. Nxe4 Bxe4 22. Bc4 Re7 23. f4 b5 24. Be2 f6 25. Nd3 Rfe8 26. Nc5 Bd5 27. Bxb5 Kf7 28. Rxd5 cxb5 29. Rad1 Re3 30. R5d3 Re2 31. R1d2 Re1+ 32. Kf2 Rh1 33. Rd8 Rxh3 34. Rxe8 Rh2+ 35. Ke3 Rh3+ 36. Kd4 Kxe8 37. Re2+ Kf7 38. Kd5 Rg3 39. Kd6 Rxg4 40. Re7+ Kg6 41. Ne6 Kf5 42. Nxg7+ Kxf4 43. Rb7 Na6 44. Nh5+ Ke4 45. Nxf6+ Kf5 46. Nxg4 Kxg4 47. Rxb5 h5 48. Rb6 1-0

[Event "26. Herner Stadtmeisterschaft 2025"]
[Site "?"]
[Date "2025.02.10"]
[Round "3.26"]
[White "Deppe, Stefan"]
[Black "Bialas, Jan-Philip"]
[Result "1/2-1/2"]
[WhiteElo "1170"]
[BlackElo "1841"]
[PlyCount "98"]
[GameId "2144233275978344"]
[EventDate "2025.??.??"]
[WhiteTeam "vereinslos"]
[BlackTeam "SV Datteln 1924"]

1. e4 e6 2. d4 d5 3. Nc3 Nf6 4. Bg5 Be7 5. e5 Nfd7 6. Bxe7 Qxe7 7. Nf3 f6 8. exf6 Qxf6 9. Nb5 Na6 10. Bd3 O-O 11. Qd2 e5 12. dxe5 Nxe5 13. O-O-O Nxf3 14. gxf3 Qxf3 15. Rhg1 Qf4 16. Qxf4 Rxf4 17. Rde1 Bf5 18. Re7 g6 19. Bxf5 Rxf5 20. Nxc7 Nxc7 21. Rxc7 Rxf2 22. Re1 Raf8 23. Ree7 R8f7 24. Rxb7 Kf8 25. Red7 Ke8 26. Rdc7 Rxc7 27. Rxc7 Rxh2 28. Rxa7 g5 29. Rg7 Rh5 30. Kd2 Kf8 31. Rb7 g4 32. Rb3 Rf5 33. a4 Rg5 34. Rg3 Rg7 35. Ke3 h5 36. a5 h4 37. Rg1 h3 38. Kf2 Ke8 39. Kg3 Kd7 40. b4 Kc6 41. c3 Kb5 42. Rd1 Kc4 43. a6 Kb5 44. Ra1 Kb6 45. b5 Ra7 46. Rb1 Rc7 47. Rb3 Rh7 48. Rb2 Rg7 49. Ra2 Ra7 1/2-1/2

[Event "26. Herner Stadtmeisterschaft 2025"]
[Site "?"]
[Date "2025.02.10"]
[Round "3.27"]
[White "Tolksdorf, Jürgen"]
[Black "Mai, Michael"]
[Result "1-0"]
[WhiteElo "1688"]
[BlackElo "1426"]
[PlyCount "55"]
[GameId "2144195391758562"]
[EventDate "2025.??.??"]
[WhiteTeam "SV Günnigfeld 1922 e."]
[BlackTeam "SV Günnigfeld 1922 e."]

1. e4 c6 2. d4 d5 3. exd5 cxd5 4. Nc3 Nf6 5. Nf3 Bg4 6. h3 Bxf3 7. Qxf3 e6 8. Bd2 Be7 9. O-O-O O-O 10. g4 Nc6 11. Be3 Nd7 12. h4 f6 13. Qh3 Qe8 14. f4 h5 15. gxh5 f5 16. Be2 Nf6 17. h6 gxh6 18. h5 Qf7 19. Rdg1+ Kh8 20. Rg6 Kh7 21. Rhg1 Rg8 22. Bd3 Bb4 23. Bxf5 exf5 24. Qxf5 Ne7 25. Rxf6+ Nxf5 26. Rxf7+ Ng7 27. f5 Bxc3 28. Rg6 1-0

[Event "26. Herner Stadtmeisterschaft 2025"]
[Site "?"]
[Date "2025.02.10"]
[Round "3.30"]
[White "Nouman, Abdulrrahman"]
[Black "Ptaszyk, Henning"]
[Result "1/2-1/2"]
[WhiteElo "1421"]
[BlackElo "1736"]
[PlyCount "85"]
[GameId "2144198441799940"]
[EventDate "2025.??.??"]
[WhiteTeam "SG Wanne"]
[BlackTeam "SK Sodingen/Castrop 24/23 e. V."]

1. e4 c5 2. Nf3 g6 3. Nc3 Bg7 4. Bc4 Nc6 5. O-O Nf6 6. Re1 d6 7. h3 O-O 8. Nd5 Na5 9. Bf1 Be6 10. Nxf6+ Bxf6 11. c3 c4 12. Nd4 Bd7 13. d3 cxd3 14. Bxd3 Nc6 15. Nxc6 Bxc6 16. Bh6 Bg7 17. Bxg7 Kxg7 18. Bc4 Qc7 19. Qd4+ Kg8 20. Qe3 a6 21. h4 b5 22. Be2 Rac8 23. h5 Bd7 24. h6 Qc5 25. Qf4 f5 26. Bf3 Bc6 27. e5 Bxf3 28. gxf3 Rf7 29. Rad1 d5 30. Rd4 e6 31. Qg5 Qe7 32. Qxe7 Rxe7 33. f4 Rec7 34. a3 Rc4 35. Red1 Kf7 36. Kg2 Ke7 37. Kg3 Rxd4 38. Rxd4 Rc4 39. Kf3 Rxd4 40. cxd4 a5 41. b4 axb4 42. axb4 Kf7 43. Kg3 1/2-1/2

[Event "26. Herner Stadtmeisterschaft 2025"]
[Site "?"]
[Date "2025.02.10"]
[Round "3.31"]
[White "Domnik, Roland"]
[Black "Landwehr, Ingo"]
[Result "1-0"]
[WhiteElo "1635"]
[BlackElo "1703"]
[PlyCount "67"]
[GameId "2144194595410131"]
[EventDate "2025.??.??"]
[WhiteTeam "SV Datteln 1924"]
[BlackTeam "Bochumer SV 02"]

1. d4 g6 2. c4 Bg7 3. Bf4 d6 4. h3 Nf6 5. Nf3 O-O 6. e3 Nfd7 7. Nc3 Nc6 8. Be2 e5 9. dxe5 Ndxe5 10. Rc1 Bf5 11. a3 a5 12. O-O a4 13. Nxa4 Nd3 14. Bxd3 Bxd3 15. Qxd3 Rxa4 16. Qb3 Ra6 17. Rc2 Rb6 18. Qa2 Ne5 19. Bxe5 dxe5 20. Rd2 Rd6 21. Rfd1 Rxd2 22. Rxd2 Qe7 23. b4 Rd8 24. Rxd8+ Qxd8 25. Qd2 Qxd2 26. Nxd2 f5 27. c5 e4 28. Nc4 Bc3 29. Na5 Bb2 30. Nc4 Bc3 31. b5 Kf7 32. b6 Ke7 33. c6 bxc6 34. b7 1-0